Managing the non-profit organization : practices and principles

Bibliographic Details
Main Author: Drucker, Peter F
Format: Book
Published: Oxford : Butterworth-Heinemann Ltd. , 1990
Subjects:

MARC

LEADER 00000cam a2200000 7i4500
001 0000001024
002 000001133
005 20000330.0
020 |a 0750600179 
090 0 0 |a 658.0180978   |b DRU 
100 1 |a Drucker, Peter F 
245 1 0 |a Managing the non-profit organization :   |b practices and principles   |c Peter F.Drucker 
260 |a Oxford :   |b Butterworth-Heinemann Ltd. ,   |c 1990 
300 |a 178p ;   |c 23cm. 
650 0 0 |a Non-profit organizations   |x Management 
999 |a 00073125   |b BUKU   |c PINJAMAN   |e PERPUSTAKAAN KOMUNITI PETALING JAYA 
999 |a 030212   |b BUKU   |c PINJAMAN   |e PERPUSTAKAAN KOMUNITI PETALING JAYA